Statistics for Guess the Random Waterparks Song #9

Click here to take the quiz!

General Stats

  • This quiz has been taken 17 times
  • The average score is 90 of 236

Answer Stats

Answer% Correct
I
100%
a
92%
You
92%
you,
92%
you
92%
me
85%
Me,
85%
My
85%
my
85%
the
77%
wha
62%
Wha
62%
and
54%
And
54%
be
54%
hear
54%
in
54%
for
46%
just
46%
that
46%
They
46%
they
46%
what
46%
when
46%
can't
38%
go
38%
not
38%
think
38%
to
38%
(want)
38%
want
38%
we
38%
all
31%
around
31%
come
31%
don't
31%
Don't
31%
got
31%
guy
31%
had
31%
here
31%
I'm
31%
is
31%
it's
31%
myself,
31%
on
31%
Say
31%
see
31%
See
31%
sound
31%
your
31%
bad
23%
Because
23%
bit
23%
But
23%
called
23%
ceiling
23%
close
23%
down,
23%
down
23%
from
23%
fuzzy
23%
good
23%
gotta
23%
I'll
23%
Kill
23%
know
23%
light
23%
like
23%
little
23%
night
23%
Now
23%
of
23%
really
23%
time
23%
up
23%
up?
23%
What's
23%
what's
23%
yeah
23%
another
15%
Black
15%
brain
15%
cat,
15%
cleaning
15%
cold
15%
dark
15%
demon
15%
demons
15%
drive
15%
Everything
15%
first
15%
game
15%
gets
15%
getting
15%
Glowing
15%
halls
15%
hide
15%
into
15%
I've
15%
Jet
15%
leave
15%
limo
15%
man
15%
mean,
15%
midnight
15%
moonlight
15%
needs
15%
pillow
15%
Play
15%
prayer
15%
running
15%
shadows
15%
should
15%
sign
15%
sleep
15%
stay
15%
Step
15%
Straight
15%
talked
15%
them
15%
timeline
15%
waiting
15%
walls
15%
window
15%
alright
8%
Climb
8%
'em
8%
frostbite
8%
I'ma
8%
intro
8%
knock
8%
under
8%
Welcome
8%

Score Distribution

Percentile by Number Answered

Percent of People with Each Score

Your Score History

You have not taken this quiz